[Event "7. Copenhagen Open Politiken Cup"]
[Site "Copenhagen"]
[Date "1985.??.??"]
[Round "2"]
[White "Wockenfuss, Klaus"]
[Black "Stelting, Thorsten"]
[Result "1-0"]
[WhiteElo "2375"]
[BlackElo "2245"]
[PlyCount "81"]
[EventDate "1985.??.??"]
[EventType "swiss"]
[EventRounds "10"]
[EventCountry "DEN"]
[SourceDate "2004.01.01"]

1. Nf3 Nf6 2. g3 b5 3. Bg2 Bb7 4. O-O e6 5. d3 c5 6. e4 Be7 7. Re1 O-O 8. Nbd2
Nc6 9. e5 Nd5 10. c3 f5 11. exf6 gxf6 12. Nf1 Rf7 13. Bh6 Bf8 14. Qd2 b4 15. c4
Nde7 16. Bxf8 Qxf8 17. d4 Nf5 18. d5 Ncd4 19. Nxd4 Nxd4 20. Ne3 Qh6 21. Qd1 Re8
22. Nc2 Nxc2 23. Qxc2 e5 24. a3 a5 25. axb4 axb4 26. Be4 f5 27. Bxf5 Ref8 28.
g4 Qg5 29. Kh1 h5 30. f3 Kg7 31. Rxe5 Qf4 32. Re2 hxg4 33. fxg4 Rh8 34. Re4 Qd6
35. Rae1 Rh3 36. Qd2 Kf6 37. Rf1 Kg7 38. Qg5+ Kf8 39. Qd8+ Kg7 40. Qg5+ Kf8 41.
Re2 1-0

[Event "7. Copenhagen Open Politiken Cup"]
[Site "Copenhagen"]
[Date "1985.??.??"]
[Round "3"]
[White "Andersson, Tor"]
[Black "Hartman, Christer"]
[Result "0-1"]
[WhiteElo "2245"]
[BlackElo "2295"]
[PlyCount "70"]
[EventDate "1985.??.??"]
[EventType "swiss"]
[EventRounds "10"]
[EventCountry "DEN"]
[SourceDate "2004.01.01"]

1. Nf3 d5 2. b3 Nf6 3. Bb2 g6 4. g3 Bg7 5. Bg2 O-O 6. O-O c5 7. d4 Ne4 8. Qc1
Qc7 9. dxc5 Qxc5 10. Bxg7 Kxg7 11. Qb2+ f6 12. b4 Qc7 13. Nfd2 Nxd2 14. Nxd2
Rd8 15. Rac1 Be6 16. Nb3 Nc6 17. Nc5 Bf7 18. e4 d4 19. c3 Qb6 20. cxd4 Rxd4 21.
a3 Rad8 22. Na4 Qa6 23. Nc3 Rd2 24. Qa1 Nd4 25. Rcd1 Nb3 26. Rxd2 Rxd2 27. Qe1
Bc4 28. e5 f5 29. Qe3 Bxf1 30. Bxf1 Qe6 31. Ne2 Rd1 32. Nc3 Ra1 33. Ne2 Qd5 34.
g4 Nd2 35. Ng3 Nxf1 0-1

[Event "7. Copenhagen Open Politiken Cup"]
[Site "Copenhagen"]
[Date "1985.??.??"]
[Round "3"]
[White "Bjerring, Kai"]
[Black "Braga, Fernando"]
[Result "1/2-1/2"]
[WhiteElo "2315"]
[BlackElo "2390"]
[PlyCount "48"]
[EventDate "1985.??.??"]
[EventType "swiss"]
[EventRounds "10"]
[EventCountry "DEN"]
[SourceDate "2004.01.01"]

1. e4 e5 2. Nf3 Nc6 3. Bb5 Nf6 4. O-O Bc5 5. c3 O-O 6. d4 Bb6 7. Re1 d6 8. h3
Bd7 9. Bg5 h6 10. Bxf6 Qxf6 11. dxe5 Nxe5 12. Bxd7 Nxd7 13. Nbd2 Ne5 14. Qe2
Ng6 15. g3 Rae8 16. Nc4 d5 17. Nxb6 axb6 18. e5 Qf5 19. Kg2 Nxe5 20. Nxe5 f6
21. Qd3 Rxe5 22. Qxf5 Rxf5 23. Re7 Rf7 24. Rae1 d4 1/2-1/2

[Event "7. Copenhagen Open Politiken Cup"]
[Site "Copenhagen"]
[Date "1985.??.??"]
[Round "3"]
[White "Blees, Albert"]
[Black "Wockenfuss, Klaus"]
[Result "1/2-1/2"]
[WhiteElo "2310"]
[BlackElo "2375"]
[PlyCount "75"]
[EventDate "1985.??.??"]
[EventType "swiss"]
[EventRounds "10"]
[EventCountry "DEN"]
[SourceDate "2004.01.01"]

1. d4 d6 2. c4 e5 3. Nf3 Nd7 4. Nc3 g6 5. e4 Bg7 6. Be2 Ngf6 7. O-O O-O 8. Re1
c6 9. Bf1 exd4 10. Nxd4 Ng4 11. h3 Qb6 12. hxg4 Qxd4 13. Bg5 Re8 14. Qc2 Nb6
15. Be3 Qe5 16. g5 Be6 17. f4 Qa5 18. c5 dxc5 19. e5 Bf5 20. Qf2 Na4 21. Ne4
Bxe4 22. Bd2 Qb6 23. Rxe4 Qxb2 24. Rae1 Rad8 25. R1e2 Nc3 26. Bxc3 Qxc3 27. Rc2
Qa1 28. Kh2 Rd1 29. Bc4 b5 30. Be2 Rh1+ 31. Kg3 Bf8 32. Bg4 Rd8 33. e6 Rd3+ 34.
Bf3 fxe6 35. Rxe6 c4 36. Rce2 Qg1 37. Qxg1 Rxg1 38. Rf6 1/2-1/2

[Event "7. Copenhagen Open Politiken Cup"]
[Site "Copenhagen"]
[Date "1985.??.??"]
[Round "3"]
[White "Brynell, Stellan"]
[Black "Steczkowski, Kazimierz"]
[Result "0-1"]
[WhiteElo "2250"]
[BlackElo "2390"]
[PlyCount "42"]
[EventDate "1985.??.??"]
[EventType "swiss"]
[EventRounds "10"]
[EventCountry "DEN"]
[SourceDate "2004.01.01"]

1. e4 e5 2. Nf3 Nc6 3. Bc4 Nf6 4. d4 exd4 5. O-O Nxe4 6. Re1 d5 7. Bxd5 Qxd5 8.
Nc3 Qa5 9. Nxd4 Nxd4 10. Qxd4 Be6 11. Rxe4 Rd8 12. Qe3 Bb4 13. Bd2 O-O 14. Qe2
Bf5 15. Re5 Rxd2 16. Qe3 Bxc3 17. Rxa5 Bxa5 18. Qe5 Rfd8 19. Re1 Rd1 20. Qxa5
Rxe1+ 21. Qxe1 Bxc2 0-1

[Event "7. Copenhagen Open Politiken Cup"]
[Site "Copenhagen"]
[Date "1985.??.??"]
[Round "3"]
[White "Fridjonsson, Julius"]
[Black "Bjarnason, Saevar"]
[Result "1-0"]
[WhiteElo "2265"]
[BlackElo "2355"]
[PlyCount "73"]
[EventDate "1985.??.??"]
[EventType "swiss"]
[EventRounds "10"]
[EventCountry "DEN"]
[SourceDate "2004.01.01"]

1. c4 c5 2. Nc3 g6 3. g3 Bg7 4. Bg2 Nc6 5. a3 d6 6. Rb1 a5 7. e3 Nf6 8. Nge2
Bf5 9. d3 O-O 10. O-O Rb8 11. h3 e5 12. Kh2 Re8 13. e4 Bd7 14. f4 exf4 15. Bxf4
Ne5 16. Qd2 h6 17. b3 Qe7 18. a4 g5 19. Be3 b6 20. Rf2 Bc6 21. Rbf1 Bb7 22. Rf5
Ng6 23. Kg1 Kh7 24. Kh1 Rf8 25. Qe1 Ne5 26. Qd2 Rbe8 27. Ng1 Qd8 28. Nf3 Nxf3
29. R5xf3 Bc8 30. Qf2 g4 31. Rxf6 gxh3 32. Nd5 hxg2+ 33. Kxg2 Be6 34. Rh1 Bxd5
35. Qf5+ Kg8 36. Rfxh6 f6 37. Qg6 1-0

[Event "7. Copenhagen Open Politiken Cup"]
[Site "Copenhagen"]
[Date "1985.??.??"]
[Round "3"]
[White "Gausel, Einar"]
[Black "Westerinen, Heikki"]
[Result "1/2-1/2"]
[WhiteElo "2335"]
[BlackElo "2420"]
[PlyCount "71"]
[EventDate "1985.??.??"]
[EventType "swiss"]
[EventRounds "10"]
[EventCountry "DEN"]
[SourceDate "2004.01.01"]

1. e4 e5 2. Nf3 Nc6 3. Bb5 a6 4. Ba4 Nf6 5. O-O Be7 6. Bxc6 dxc6 7. d3 Nd7 8.
Nbd2 O-O 9. Nc4 f6 10. Ne3 Nc5 11. Ne1 Bd6 12. Kh1 Qe8 13. Nf5 Bxf5 14. exf5 e4
15. d4 Na4 16. g3 c5 17. c3 cxd4 18. cxd4 Qb5 19. Qb3+ Qxb3 20. axb3 Nb6 21.
Nc2 Nd5 22. Bd2 Rfe8 23. Ne3 Nxe3 24. Bxe3 Rad8 25. Rfc1 c6 26. Rc2 Bb4 27. g4
Rd5 28. Kg2 Rb5 29. h3 Kf7 30. f3 Ba5 31. fxe4 Rxe4 32. Bf2 g6 33. Rc5 Rxc5 34.
dxc5 Bc7 35. Rd1 Ke7 36. Rd4 1/2-1/2

[Event "7. Copenhagen Open Politiken Cup"]
[Site "Copenhagen"]
[Date "1985.??.??"]
[Round "3"]
[White "Hansen, Curt"]
[Black "Jacoby, Gisbert"]
[Result "1/2-1/2"]
[WhiteElo "2505"]
[BlackElo "2305"]
[PlyCount "37"]
[EventDate "1985.??.??"]
[EventType "swiss"]
[EventRounds "10"]
[EventCountry "DEN"]
[SourceDate "2004.01.01"]

1. e4 c5 2. Nf3 d6 3. d4 cxd4 4. Nxd4 Nf6 5. Nc3 a6 6. Be2 e5 7. Nb3 Be7 8. O-O
Be6 9. Be3 O-O 10. Qd2 Nbd7 11. Rfd1 Rc8 12. f3 Qc7 13. a4 Nb6 14. a5 Nc4 15.
Bxc4 Qxc4 16. Nc1 d5 17. exd5 Rfd8 18. Ra4 Qc7 19. Bb6 1/2-1/2

[Event "7. Copenhagen Open Politiken Cup"]
[Site "Copenhagen"]
[Date "1985.??.??"]
[Round "3"]
[White "Hartung Nielsen, Jens"]
[Black "Bator, Zbigniew"]
[Result "1-0"]
[WhiteElo "2245"]
[BlackElo "2315"]
[PlyCount "25"]
[EventDate "1985.??.??"]
[EventType "swiss"]
[EventRounds "10"]
[EventCountry "DEN"]
[SourceDate "2004.01.01"]

1. d4 d5 2. c4 e6 3. Nc3 c6 4. Bf4 dxc4 5. a4 Bb4 6. e3 b5 7. axb5 Qd5 8. b6 a5
9. Nf3 Nd7 10. Bc7 Qb5 11. Nd2 Bxc3 12. bxc3 Ngf6 13. Rb1 1-0

[Event "7. Copenhagen Open Politiken Cup"]
[Site "Copenhagen"]
[Date "1985.??.??"]
[Round "3"]
[White "Jacobsen, Bo"]
[Black "Fedder, Steen"]
[Result "1/2-1/2"]
[WhiteElo "2280"]
[BlackElo "2410"]
[PlyCount "128"]
[EventDate "1985.??.??"]
[EventType "swiss"]
[EventRounds "10"]
[EventCountry "DEN"]
[SourceDate "2004.01.01"]

1. c4 c5 2. g3 g6 3. Bg2 Bg7 4. Nc3 Nf6 5. e3 O-O 6. Nge2 Nc6 7. d4 d6 8. O-O
Bd7 9. b3 a6 10. Bb2 Rb8 11. Rc1 b6 12. Qd2 Na5 13. Rfd1 Bc6 14. Nd5 Bxd5 15.
cxd5 Nb7 16. e4 Nd7 17. h4 h5 18. f4 Nf6 19. e5 Ng4 20. dxc5 bxc5 21. Bf3 Nh6
22. Kg2 Kh7 23. Ng1 Qb6 24. Nh3 f6 25. Qd3 Nf5 26. Re1 fxe5 27. Ng5+ Kg8 28.
Ne6 Rf7 29. fxe5 dxe5 30. Nxg7 Nxg7 31. Bxe5 Rbf8 32. Rf1 Nf5 33. Rce1 Nbd6 34.
Qd2 Kh7 35. Qg5 Ng7 36. Bxg7 Rxg7 37. Rxe7 Qd8 38. Rxg7+ Kxg7 39. Qxd8 Rxd8 40.
Rc1 Rc8 41. Be2 a5 42. Bd3 a4 43. Re1 axb3 44. axb3 Re8 45. Ra1 Re3 46. Bxg6
Kxg6 47. Ra6 Rxb3 48. Rxd6+ Kg7 49. Rc6 Rc3 50. d6 Kf6 51. d7+ Ke7 52. Rd6 Kd8
53. Rd5 Rc2+ 54. Kf3 Rc3+ 55. Kf4 Rc4+ 56. Kf3 Rc3+ 57. Kg2 Rc2+ 58. Kh3 c4 59.
Rxh5 Kxd7 60. Rd5+ Ke6 61. Rd1 c3 62. h5 Rd2 63. Re1+ Kf6 64. Re3 Rd5 1/2-1/2

[Event "7. Copenhagen Open Politiken Cup"]
[Site "Copenhagen"]
[Date "1985.??.??"]
[Round "3"]
[White "Mokry, Karel"]
[Black "Hoi, Carsten"]
[Result "1-0"]
[WhiteElo "2490"]
[BlackElo "2380"]
[PlyCount "83"]
[EventDate "1985.??.??"]
[EventType "swiss"]
[EventRounds "10"]
[EventCountry "DEN"]
[SourceDate "2004.01.01"]

1. e4 g6 2. d4 Bg7 3. Nc3 d6 4. Be3 a6 5. Qd2 b5 6. f3 Bb7 7. Nd1 Nd7 8. c3
Ngf6 9. a4 bxa4 10. Rxa4 O-O 11. Bd3 e5 12. d5 Ne8 13. b4 f5 14. g4 fxg4 15.
fxg4 c6 16. c4 cxd5 17. cxd5 Rf4 18. Bxf4 exf4 19. Nf3 Ne5 20. Nxe5 Bxe5 21.
O-O Qh4 22. Qg2 Nf6 23. Nf2 Rc8 24. Bxa6 Bxa6 25. Rxa6 Rc2 26. Ra8+ Kf7 27. Qh3
Qxh3 28. Nxh3 Nxg4 29. Rxf4+ Bxf4 30. Nxf4 Nxh2 31. Ra3 g5 32. Rh3 Ng4 33. Ne6
h6 34. Rb3 Ke7 35. b5 Kd7 36. b6 Kc8 37. b7+ Kb8 38. Nd4 Rc1+ 39. Kg2 Ne5 40.
Rb6 Rc4 41. Nc6+ Nxc6 42. dxc6 1-0

[Event "7. Copenhagen Open Politiken Cup"]
[Site "Copenhagen"]
[Date "1985.??.??"]
[Round "3"]
[White "Nielsen, Jorgen G"]
[Black "Pavlovic, Milos"]
[Result "1-0"]
[WhiteElo "2240"]
[BlackElo "2305"]
[PlyCount "74"]
[EventDate "1985.??.??"]
[EventType "swiss"]
[EventRounds "10"]
[EventCountry "DEN"]
[SourceDate "2004.01.01"]

1. d4 Nf6 2. c4 c5 3. Nf3 cxd4 4. Nxd4 b6 5. f3 Bb7 6. e4 d6 7. Bd3 g6 8. Nc3
Bg7 9. Be3 Nbd7 10. O-O O-O 11. Qd2 a6 12. Rac1 Rc8 13. b3 e6 14. Rfd1 Qc7 15.
Qf2 Qb8 16. Bf1 Rfe8 17. Nde2 Bc6 18. b4 Ba8 19. Ng3 Ne5 20. c5 dxc5 21. Bxa6
Bb7 22. Bxb7 Qxb7 23. Nb5 Qa6 24. Nd6 c4 25. b5 Qa5 26. Nxe8 Rxe8 27. Qc2 Qxb5
28. Rb1 Qa6 29. Rxb6 Qa5 30. a4 h5 31. Rb5 Qc7 32. Bb6 Qc6 33. Bd4 Nfd7 34. Qc3
h4 35. Ne2 g5 36. Rxe5 Nxe5 37. Bxe5 Qxa4 1-0

[Event "7. Copenhagen Open Politiken Cup"]
[Site "Copenhagen"]
[Date "1985.??.??"]
[Round "3"]
[White "Nilsson, Nils Specht"]
[Black "Gruenberg, Rainer"]
[Result "1/2-1/2"]
[WhiteElo "2200"]
[BlackElo "2265"]
[PlyCount "103"]
[EventDate "1985.??.??"]
[EventType "swiss"]
[EventRounds "10"]
[EventCountry "DEN"]
[SourceDate "2004.01.01"]

1. e4 c5 2. Nf3 Nc6 3. d4 cxd4 4. Nxd4 Nf6 5. Nc3 d6 6. Be2 e5 7. Nf3 h6 8. O-O
Be7 9. b3 O-O 10. Bb2 a6 11. a4 Be6 12. Qd2 Rc8 13. Rfe1 Qa5 14. Rac1 Bd8 15.
Bf1 Bb6 16. Nd1 Nd4 17. Bxd4 exd4 18. b4 Qxa4 19. Nxd4 Bxd4 20. Qxd4 Rxc2 21.
Nc3 Rxc1 22. Rxc1 Qd7 23. f4 Rc8 24. f5 Bb3 25. Rb1 Bc2 26. Rb2 Rxc3 27. Qxc3
Bxe4 28. Bd3 Qxf5 29. Bxe4 Nxe4 30. Qd4 d5 31. b5 Qg5 32. h3 a5 33. Rc2 h5 34.
Rc8+ Kh7 35. h4 Qxh4 36. Qxd5 Qf2+ 37. Kh2 Qg3+ 38. Kg1 Qf2+ 39. Kh2 Qh4+ 40.
Kg1 Qe1+ 41. Kh2 Qh4+ 42. Kg1 Qe1+ 43. Kh2 Qg3+ 44. Kg1 Qe3+ 45. Kh2 Qf4+ 46.
Kg1 f5 47. Qg8+ Kg6 48. Qe8+ Kg5 49. Qe7+ Kg6 50. Qe8+ Kg5 51. Qe7+ Kg6 52.
Qe8+ 1/2-1/2

[Event "7. Copenhagen Open Politiken Cup"]
[Site "Copenhagen"]
[Date "1985.??.??"]
[Round "3"]
[White "Norgaard, Jesper"]
[Black "Hebden, Mark"]
[Result "0-1"]
[WhiteElo "2325"]
[BlackElo "2480"]
[PlyCount "66"]
[EventDate "1985.??.??"]
[EventType "swiss"]
[EventRounds "10"]
[EventCountry "DEN"]
[SourceDate "2004.01.01"]

1. d4 Nf6 2. Nf3 g6 3. Bf4 d6 4. h3 Bg7 5. e3 O-O 6. Be2 Nbd7 7. O-O Ne4 8.
Nbd2 Nxd2 9. Qxd2 e5 10. Bh2 Qe7 11. c4 f5 12. Rfd1 g5 13. b4 g4 14. hxg4 fxg4
15. Ne1 Nf6 16. dxe5 dxe5 17. Qc2 Nh5 18. c5 g3 19. fxg3 Bh6 20. Qc4+ Be6 21.
Qe4 Qg5 22. Rd3 Nxg3 23. Bxg3 Qxg3 24. Bf3 Rf7 25. Qxb7 Raf8 26. Rad1 e4 27.
Qxe4 Bf5 28. Qc4 Bxd3 29. Qxd3 Rxf3 30. Nxf3 Rxf3 31. Qc4+ Kf8 32. Qe4 Bxe3+
33. Kh1 Rf7 0-1

[Event "7. Copenhagen Open Politiken Cup"]
[Site "Copenhagen"]
[Date "1985.??.??"]
[Round "3"]
[White "Peric, Slavisa"]
[Black "Huenerkopf, Heinz"]
[Result "0-1"]
[WhiteElo "2245"]
[BlackElo "2305"]
[PlyCount "86"]
[EventDate "1985.??.??"]
[EventType "swiss"]
[EventRounds "10"]
[EventCountry "DEN"]
[SourceDate "2004.01.01"]

1. d4 Nf6 2. c4 g6 3. Nc3 d5 4. Nf3 Bg7 5. cxd5 Nxd5 6. Bd2 O-O 7. Rc1 Nc6 8.
e3 e5 9. Nxd5 Qxd5 10. Bc4 Qd6 11. dxe5 Nxe5 12. Be2 Nxf3+ 13. Bxf3 Bxb2 14.
Rb1 Be5 15. Bxb7 Bxb7 16. Rxb7 Rfd8 17. Qc2 Qd5 18. Rb4 Qxg2 19. Qe4 Qxe4 20.
Rxe4 Rab8 21. Bc1 Bc3+ 22. Ke2 Rb4 23. Re7 Rc4 24. Rd1 Rxd1 25. Kxd1 Bf6 26.
Re8+ Kg7 27. Ba3 g5 28. Bf8+ Kg6 29. a3 a5 30. Ra8 a4 31. Ra6 Kf5 32. Kd2 Rh4
33. Ra5+ Be5 34. Kd3 Rxh2 35. f3 Rf2 36. Bh6 Rxf3 37. Bxg5 Kxg5 38. Rxe5+ Rf5
39. Re4 h5 40. Rxa4 h4 41. Ra8 h3 42. Rg8+ Kh4 43. Ke2 h2 0-1

[Event "7. Copenhagen Open Politiken Cup"]
[Site "Copenhagen"]
[Date "1985.??.??"]
[Round "3"]
[White "Plachetka, Jan"]
[Black "Fette, Martin"]
[Result "1-0"]
[WhiteElo "2440"]
[BlackElo "2290"]
[PlyCount "99"]
[EventDate "1985.??.??"]
[EventType "swiss"]
[EventRounds "10"]
[EventCountry "DEN"]
[SourceDate "2004.01.01"]

1. d4 g6 2. e4 Bg7 3. Nc3 d6 4. Nf3 Nf6 5. h3 O-O 6. Be3 a6 7. a4 b6 8. Bd3 Bb7
9. O-O Nbd7 10. Nd2 e5 11. d5 c6 12. dxc6 Bxc6 13. Qe2 Bb7 14. Bc4 Qc7 15. Rfd1
Nc5 16. f3 Rfc8 17. Qf2 Bc6 18. Bxc5 dxc5 19. Nf1 Qb7 20. Qe2 Bh6 21. Rd6 Ne8
22. Rxc6 Rxc6 23. Bd5 Nc7 24. Bxc6 Qxc6 25. Rd1 c4 26. Nh2 Ne6 27. Ng4 Bg7 28.
Nd5 Kh8 29. Qf2 Rb8 30. Qg3 Qd6 31. Kh1 Nf4 32. Qe1 Qc6 33. Qb4 h5 34. Nge3 b5
35. axb5 axb5 36. Qe7 Qb7 37. Ra1 Qxe7 38. Nxe7 Rd8 39. N7d5 Bh6 40. Ra7 Kg7
41. Rb7 Ra8 42. h4 Ra1+ 43. Kh2 Ne2 44. Rxb5 Bf4+ 45. Nxf4 exf4 46. Nd5 Rc1 47.
c3 f6 48. Rb7+ Kf8 49. Rb6 Kg7 50. Rxf6 1-0

[Event "7. Copenhagen Open Politiken Cup"]
[Site "Copenhagen"]
[Date "1985.??.??"]
[Round "3"]
[White "Rasmussen, Karsten"]
[Black "Ernst, Thomas"]
[Result "1/2-1/2"]
[WhiteElo "2295"]
[BlackElo "2450"]
[PlyCount "26"]
[EventDate "1985.??.??"]
[EventType "swiss"]
[EventRounds "10"]
[EventCountry "DEN"]
[SourceDate "2004.01.01"]

1. e4 c5 2. Nf3 d6 3. Bb5+ Nd7 4. d4 cxd4 5. Qxd4 Ngf6 6. Bg5 e6 7. Nc3 Be7 8.
e5 dxe5 9. Nxe5 O-O 10. Nxd7 Nxd7 11. Bxe7 Qxe7 12. O-O-O Nb6 13. Rhe1 Bd7
1/2-1/2

[Event "7. Copenhagen Open Politiken Cup"]
[Site "Copenhagen"]
[Date "1985.??.??"]
[Round "3"]
[White "Reinert, Mads"]
[Black "Kamaras, Peter"]
[Result "1-0"]
[WhiteElo "2260"]
[BlackElo "2330"]
[PlyCount "53"]
[EventDate "1985.??.??"]
[EventType "swiss"]
[EventRounds "10"]
[EventCountry "DEN"]
[SourceDate "2004.01.01"]

1. e4 d5 2. exd5 Qxd5 3. Nc3 Qa5 4. d4 Nf6 5. Nf3 Bf5 6. Bd2 Nbd7 7. b4 Qb6 8.
a4 c6 9. b5 c5 10. a5 Qd6 11. dxc5 Nxc5 12. Be3 e6 13. b6 a6 14. Nd4 Bg6 15.
Bb5+ Ncd7 16. Qf3 Qb4 17. O-O axb5 18. Ndxb5 Rb8 19. a6 bxa6 20. Nc7+ Kd8 21.
Nxa6 Qxc3 22. Nxb8 Nxb8 23. Rfd1+ Ke8 24. Qa8 Qe5 25. Bd4 Qd6 26. Bxf6 gxf6 27.
Qb7 1-0

[Event "7. Copenhagen Open Politiken Cup"]
[Site "Copenhagen"]
[Date "1985.??.??"]
[Round "3"]
[White "Schandorff, Lars"]
[Black "Van Mil, Johan"]
[Result "0-1"]
[WhiteElo "2275"]
[BlackElo "2345"]
[PlyCount "80"]
[EventDate "1985.??.??"]
[EventType "swiss"]
[EventRounds "10"]
[EventCountry "DEN"]
[SourceDate "2004.01.01"]

1. e4 c5 2. Nf3 e6 3. d4 cxd4 4. Nxd4 Nc6 5. Nc3 a6 6. g3 Nxd4 7. Qxd4 Ne7 8.
Bg5 Nc6 9. Qd2 f6 10. Be3 b5 11. Bg2 Bb7 12. O-O Ne5 13. Qe2 Be7 14. Qh5+ g6
15. Qh6 Bf8 16. Qh3 h5 17. Bd4 g5 18. f4 g4 19. Qh4 Bc5 20. Bxc5 Ng6 21. e5
Nxh4 22. Bxb7 Nf3+ 23. Kg2 f5 24. Rad1 h4 25. Bxf3 gxf3+ 26. Rxf3 Qc7 27. b4
Qb7 28. Rdd3 hxg3 29. hxg3 O-O-O 30. a4 Rh7 31. axb5 axb5 32. Nd1 Rdh8 33. Nf2
Rh2+ 34. Kf1 Kd8 35. Ra3 Ke8 36. Rfd3 Qg2+ 37. Ke2 Qe4+ 38. Kd2 Rxf2+ 39. Bxf2
Rh2 40. Rf3 Rxf2+ 0-1

[Event "7. Copenhagen Open Politiken Cup"]
[Site "Copenhagen"]
[Date "1985.??.??"]
[Round "3"]
[White "Stein, Bernd"]
[Black "Hodgson, Julian M"]
[Result "0-1"]
[WhiteElo "2380"]
[BlackElo "2455"]
[PlyCount "70"]
[EventDate "1985.??.??"]
[EventType "swiss"]
[EventRounds "10"]
[EventCountry "DEN"]
[SourceDate "2004.01.01"]

1. e4 c5 2. Nf3 d6 3. d4 cxd4 4. Nxd4 Nf6 5. Nc3 g6 6. Be3 Bg7 7. f3 O-O 8. Qd2
Nc6 9. g4 Nxd4 10. Bxd4 Be6 11. O-O-O Qa5 12. a3 Rab8 13. h4 b5 14. Nd5 Qxd2+
15. Rxd2 Bxd5 16. exd5 Rfc8 17. Bh3 Rc7 18. g5 Nh5 19. Re1 b4 20. axb4 Rxb4 21.
Bxg7 Kxg7 22. Re4 Rxe4 23. fxe4 h6 24. Rf2 hxg5 25. hxg5 Rc4 26. Bg2 f6 27.
gxf6+ Nxf6 28. b3 Rc3 29. e5 dxe5 30. Kb2 Rg3 31. c4 Kf7 32. Ka3 Ke8 33. Ka4 e4
34. b4 e3 35. Rc2 Nh5 0-1

[Event "7. Copenhagen Open Politiken Cup"]
[Site "Copenhagen"]
[Date "1985.??.??"]
[Round "3"]
[White "Stelting, Thorsten"]
[Black "Bosboom, Manuel"]
[Result "0-1"]
[WhiteElo "2245"]
[BlackElo "2380"]
[PlyCount "85"]
[EventDate "1985.??.??"]
[EventType "swiss"]
[EventRounds "10"]
[EventCountry "DEN"]
[SourceDate "2004.01.01"]

1. e4 e5 2. Nf3 Nc6 3. Bb5 Nf6 4. O-O Nxe4 5. d4 a6 6. Ba4 b5 7. Bb3 d5 8. dxe5
Be6 9. Be3 Be7 10. c3 O-O 11. Nbd2 Bg4 12. Bf4 Nc5 13. Bc2 d4 14. h3 Bh5 15.
Nb3 dxc3 16. bxc3 Na4 17. Nbd4 Nxd4 18. cxd4 Nb6 19. Be3 Nd5 20. Rc1 b4 21. Bb3
Nc3 22. Qd3 Bg6 23. Qc4 Be4 24. Rxc3 bxc3 25. d5 Bxf3 26. gxf3 Qd7 27. Qxc3
Qxh3 28. Bf4 h5 29. Qd3 Rab8 30. Bd2 Rb6 31. Rc1 Rg6+ 32. Qxg6 fxg6 33. d6+ Kh7
34. dxe7 Re8 35. Rxc7 Qxf3 36. Be3 h4 37. Rc4 g5 38. Bc2+ Kg8 39. Bc5 h3 40.
Be4 Qg4+ 41. Kh1 Qe6 42. Rc2 Qxe5 43. f3 0-1

[Event "7. Copenhagen Open Politiken Cup"]
[Site "Copenhagen"]
[Date "1985.??.??"]
[Round "3"]
[White "Sorensen, Henrik"]
[Black "Agdestein, Espen"]
[Result "1/2-1/2"]
[WhiteElo "2235"]
[BlackElo "2305"]
[PlyCount "66"]
[EventDate "1985.??.??"]
[EventType "swiss"]
[EventRounds "10"]
[EventCountry "DEN"]
[SourceDate "2004.01.01"]

1. d4 d5 2. Nf3 Nf6 3. c3 Bf5 4. Bf4 e6 5. e3 Be7 6. Bd3 Ne4 7. h3 Nd7 8. Qc2
c5 9. Nbd2 Nxd2 10. Nxd2 Bxd3 11. Qxd3 Qb6 12. O-O O-O 13. b3 cxd4 14. exd4
Rfd8 15. Rae1 Rac8 16. Re3 Bf6 17. Nf3 Qa5 18. a4 Qb6 19. Rb1 Rc6 20. Re2 Qa6
21. Qxa6 Rxa6 22. Bd2 Rc6 23. Kf1 Nb6 24. Ne5 Bxe5 25. Rxe5 Nc8 26. f3 Nd6 27.
Ree1 b5 28. Ra1 bxa4 29. Rxa4 Nb5 30. Rc1 Rdc8 31. Rb4 a6 32. Ke2 f6 33. Kd3
Rd8 1/2-1/2

[Event "7. Copenhagen Open Politiken Cup"]
[Site "Copenhagen"]
[Date "1985.??.??"]
[Round "3"]
[White "Srensen, Torben"]
[Black "From, Sigfred"]
[Result "0-1"]
[WhiteElo "2315"]
[BlackElo "2245"]
[PlyCount "138"]
[EventDate "1985.??.??"]
[EventType "swiss"]
[EventRounds "10"]
[EventCountry "DEN"]
[SourceDate "2004.01.01"]

1. e4 d6 2. d4 Nf6 3. Nc3 g6 4. f4 Bg7 5. Nf3 Bg4 6. h3 Bxf3 7. Qxf3 Nc6 8. Be3
Nd7 9. O-O-O e5 10. dxe5 dxe5 11. f5 Nd4 12. Qf2 c6 13. g4 Qa5 14. Bc4 O-O-O
15. Bxf7 Rhf8 16. Bb3 Nc5 17. Kb1 b5 18. Ne2 Ncxb3 19. axb3 c5 20. b4 Qa4 21.
Rd2 Rd6 22. Nc3 Qxb4 23. Nd5 Qa4 24. Rd3 b4 25. b3 Qa5 26. Rhd1 Ra6 27. Kc1 Qb5
28. Qh4 Qd7 29. Kb2 Kb8 30. Qe1 Qb7 31. Ra1 Rxa1 32. Qxa1 gxf5 33. gxf5 Qb5 34.
Qg1 Qd7 35. Qg3 Kb7 36. Rd1 a5 37. Rg1 Rf7 38. f6 Bxf6 39. Nxf6 Rxf6 40. Qxe5
Qd6 41. Rg7+ Kb6 42. Qxd6+ Rxd6 43. Rxh7 Kb5 44. Rh5 a4 45. bxa4+ Kc4 46. Rh6
Rd8 47. a5 Kb5 48. Bxd4 Rxd4 49. a6 Rd7 50. h4 c4 51. h5 c3+ 52. Kc1 Rf7 53.
Kd1 Rf1+ 54. Ke2 Rc1 55. a7 Rxc2+ 56. Kd1 Rd2+ 57. Ke1 Ra2 58. Rh7 Kb6 59. Rh6+
Kxa7 60. Rc6 c2 61. Kd2 b3 62. Rc7+ Ka6 63. Rc8 Kb5 64. Rb8+ Kc4 65. Rc8+ Kd4
66. Rd8+ Kxe4 67. Re8+ Kf5 68. Re1 c1=Q+ 69. Kxc1 Ra1+ 0-1

[Event "7. Copenhagen Open Politiken Cup"]
[Site "Copenhagen"]
[Date "1985.??.??"]
[Round "3"]
[White "Vogel, Jaap"]
[Black "Pliester, Leon"]
[Result "0-1"]
[WhiteElo "2280"]
[BlackElo "2370"]
[PlyCount "110"]
[EventDate "1985.??.??"]
[EventType "swiss"]
[EventRounds "10"]
[EventCountry "DEN"]
[SourceDate "2004.01.01"]

1. Nf3 g6 2. g3 Bg7 3. d4 d6 4. c4 e5 5. Nc3 Nc6 6. Bg5 f6 7. Be3 Nge7 8. d5
Nb8 9. h4 h5 10. b4 O-O 11. Bg2 Nf5 12. Bd2 Qe7 13. e4 Nh6 14. O-O Nf7 15. a3
Kh8 16. Be3 Rg8 17. Rc1 a5 18. c5 axb4 19. axb4 Bd7 20. Ra1 Rxa1 21. Qxa1 f5
22. Qa5 f4 23. Bd2 Bg4 24. Nb5 Na6 25. c6 bxc6 26. dxc6 g5 27. Qxa6 Bxf3 28.
Bxf3 gxh4 29. Kg2 Bh6 30. Rh1 fxg3 31. Qa2 Qf6 32. Bxh6 Nxh6 33. Rh3 Qf4 34.
Nxd6 gxf2+ 35. Kxf2 Ng4+ 36. Kf1 cxd6 37. c7 Qc1+ 38. Ke2 Qe3+ 39. Kf1 Qc1+ 40.
Ke2 Qxc7 41. Rxh4 Nf6 42. Qe6 Qc2+ 43. Ke3 Qc1+ 44. Ke2 Qg5 45. Rh1 Ra8 46. Rc1
Ra3 47. Qc8+ Kg7 48. Rc3 Ra2+ 49. Rc2 Qc1 50. Qb7+ Kg6 51. Rxa2 Qc4+ 52. Ke3
Qb3+ 53. Kf2 Qxa2+ 54. Kg3 h4+ 55. Kh3 Qf2 0-1

[Event "7. Copenhagen Open Politiken Cup"]
[Site "Copenhagen"]
[Date "1985.??.??"]
[Round "3"]
[White "Welin, Thomas"]
[Black "Setterqvist, Kurt"]
[Result "1-0"]
[WhiteElo "2395"]
[BlackElo "2280"]
[PlyCount "47"]
[EventDate "1985.??.??"]
[EventType "swiss"]
[EventRounds "10"]
[EventCountry "DEN"]
[SourceDate "2004.01.01"]

1. Nf3 Nf6 2. c4 e6 3. Nc3 d5 4. d4 Be7 5. Bg5 O-O 6. Qc2 Nbd7 7. Rd1 c6 8. e3
h6 9. Bh4 b6 10. Bd3 Bb7 11. O-O Nh5 12. Bg3 Nxg3 13. hxg3 Nf6 14. e4 dxe4 15.
Nxe4 Nxe4 16. Bxe4 Qc7 17. Ne5 Rfd8 18. Bh7+ Kf8 19. Nxf7 Kxf7 20. Qg6+ Kf8 21.
Qxe6 Bf6 22. Qg8+ Ke7 23. Rfe1+ Qe5 24. dxe5 1-0